<?xml version="1.0" encoding="UTF-8"?><?xml-stylesheet type="text/xsl" href="static/style.xsl"?><OAI-PMH xmlns="http://www.openarchives.org/OAI/2.0/" xmlns:xsi="http://www.w3.org/2001/XMLSchema-instance" xsi:schemaLocation="http://www.openarchives.org/OAI/2.0/ http://www.openarchives.org/OAI/2.0/OAI-PMH.xsd"><responseDate>2026-06-07T17:26:21Z</responseDate><request verb="GetRecord" identifier="oai:docta.ucm.es:20.500.14352/113110" metadataPrefix="marc">https://docta.ucm.es/rest/oai/request</request><GetRecord><record><header><identifier>oai:docta.ucm.es:20.500.14352/113110</identifier><datestamp>2025-03-18T13:24:54Z</datestamp><setSpec>com_20.500.14352_14</setSpec><setSpec>col_20.500.14352_20</setSpec></header><metadata><record xmlns="http://www.loc.gov/MARC21/slim" xmlns:dcterms="http://purl.org/dc/terms/" xmlns:xsi="http://www.w3.org/2001/XMLSchema-instance" xmlns:doc="http://www.lyncode.com/xoai" xsi:schemaLocation="http://www.loc.gov/MARC21/slim http://www.loc.gov/standards/marcxml/schema/MARC21slim.xsd">
   <leader>00925njm 22002777a 4500</leader>
   <datafield ind2=" " ind1=" " tag="042">
      <subfield code="a">dc</subfield>
   </datafield>
   <datafield ind2=" " ind1=" " tag="720">
      <subfield code="a">Ciesielkiewicz, Monika Anna</subfield>
      <subfield code="e">author</subfield>
   </datafield>
   <datafield ind2=" " ind1=" " tag="260">
      <subfield code="c">2012-07-09</subfield>
   </datafield>
   <datafield ind2=" " ind1=" " tag="520">
      <subfield code="a">This article intends to make evident that the electronic language portfolio can be both an excellent mechanism for evaluation as well as a didactic tool. The language portfolio is well recognized internationally, both by all the members of the European Council, Russia, Georgia, Turkey, the United States as well as in Canada, and has been the impetus behind various projects. An electronic portfolio is a digital version of a paper portfolio promoted by the European Council. This paper will also analyze different classifications of learning strategies which will demonstrate that the electronic language portfolio can be considered a very useful and efficient learning tool.</subfield>
   </datafield>
   <datafield ind1="8" ind2=" " tag="024">
      <subfield code="a">Digital Humanities: The Electronic Language Portfolio as a Tool for Instruction and Evaluation. En Proceedings of the Annual International Conference on Language, Literature &amp; Linguistics (pp. 109-112). Ed. Global Science &amp; Technology Forum, 2012. DOI: 10.5176/2251-3566_L312114</subfield>
   </datafield>
   <datafield ind1="8" ind2=" " tag="024">
      <subfield code="a">10.5176/2251-3566_l312114</subfield>
   </datafield>
   <datafield ind1="8" ind2=" " tag="024">
      <subfield code="a">https://hdl.handle.net/20.500.14352/113110</subfield>
   </datafield>
   <datafield ind1="8" ind2=" " tag="024">
      <subfield code="a">https://doi.org/10.5176/2251-3566_l312114</subfield>
   </datafield>
   <datafield ind1="8" ind2=" " tag="024">
      <subfield code="a">https://www.dropbox.com/scl/fi/c2wd8zla52kqzj55y7x3m/L32012-P22.pdf?rlkey=5uelidhun3r6ynev801bah7go&amp;e=1&amp;dl=0</subfield>
   </datafield>
   <datafield ind1="8" ind2=" " tag="024">
      <subfield code="a">https://www.iclll.org/</subfield>
   </datafield>
   <datafield ind2="0" ind1="0" tag="245">
      <subfield code="a">Digital humanities: the electronic language portfolio as a tool for instruction and evaluation</subfield>
   </datafield>
</record></metadata></record></GetRecord></OAI-PMH>